[Event "Madrid-ch Sub16 2022"]
[Site "Madrid ESP"]
[Date "2022.04.10"]
[Round "6.4"]
[White "Cuadrado Carmona, Javier"]
[Black "Ruiz Vazquez, Javier"]
[Result "1-0"]
[WhiteElo "1898"]
[BlackElo "1859"]
[PlyCount "65"]
[EventDate "2022.04.02"]
[EventType "swiss"]
[EventRounds "6"]
[EventCountry "ESP"]
[SourceTitle "Ajedrez en Madrid"]
[Source "lmi"]
[SourceDate "2022.07.30"]
[SourceVersion "1"]
[SourceVersionDate "2022.07.30"]
[SourceQuality "1"]

1. e4 c5 2. c3 Nf6 3. e5 Nd5 4. d4 cxd4 5. cxd4 d6 6. Bc4 Nb6 7. Bb3 Qc7 8. Nf3
e6 9. Nc3 dxe5 10. Nxe5 Bb4 11. O-O a6 12. Bf4 Qe7 13. Qh5 O-O 14. Ne4 g6 15.
Qh6 Nd5 16. Bxd5 exd5 17. Bg5 f6 18. Nxf6+ Rxf6 19. Qh4 Nd7 20. Nxd7 Bxd7 21.
Bxf6 Qf7 22. a3 Bd6 23. Be5 Be7 24. Qg3 Rf8 25. Rac1 Bb5 26. Rfe1 Qf5 27. f3
Bc4 28. f4 Bd3 29. Rc7 Bf6 30. Bxf6 Rxf6 31. Re8+ Rf8 32. Rxf8+ Kxf8 33. Qg5
1-0

[Event "Madrid-ch Sub16 2022"]
[Site "Madrid ESP"]
[Date "2022.04.10"]
[Round "6.5"]
[White "Candela Martin, Alvaro"]
[Black "Ortega Sanchez Montañez, Marcos"]
[Result "1-0"]
[WhiteElo "1947"]
[BlackElo "1384"]
[PlyCount "64"]
[EventDate "2022.04.02"]
[EventType "swiss"]
[EventRounds "6"]
[EventCountry "ESP"]
[SourceTitle "Ajedrez en Madrid"]
[Source "lmi"]
[SourceDate "2022.07.30"]
[SourceVersion "1"]
[SourceVersionDate "2022.07.30"]
[SourceQuality "1"]

1. e4 c6 2. d4 d5 3. exd5 cxd5 4. Bd3 Nc6 5. c3 Nf6 6. h3 g6 7. Nf3 Bf5 8. O-O
Bxd3 9. Qxd3 Bg7 10. Bf4 O-O 11. Nbd2 e6 12. Rfe1 Re8 13. Qe3 Ne7 14. Ne5 Rc8
15. g4 Nc6 16. Bh6 Nxe5 17. dxe5 Nd7 18. Bxg7 Kxg7 19. Qxa7 b6 20. Qa6 h5 21.
Qe2 Qh4 22. Kg2 f5 23. Nf3 Qe7 24. gxh5 gxh5 25. Kh2 Rh8 26. Rg1+ Kf8 27. Rg5
Rc4 28. Rag1 Re4 29. Qa6 Qd8 30. Qb7 Rc4 31. Nd4 Qe8 32. Rg6 Qb8 1-0

[Event "Madrid-ch Sub16 2022"]
[Site "Madrid ESP"]
[Date "2022.04.10"]
[Round "6.6"]
[White "Gilardi Olarrea, Mikel"]
[Black "Serrano Ruiz, Miguel"]
[Result "1-0"]
[WhiteElo "1374"]
[BlackElo "1802"]
[PlyCount "83"]
[EventDate "2022.04.02"]
[EventType "swiss"]
[EventRounds "6"]
[EventCountry "ESP"]
[SourceTitle "Ajedrez en Madrid"]
[Source "lmi"]
[SourceDate "2022.07.30"]
[SourceVersion "1"]
[SourceVersionDate "2022.07.30"]
[SourceQuality "1"]

1. d4 d5 2. c4 e6 3. Nf3 Nf6 4. g3 Be7 5. Bg2 O-O 6. O-O dxc4 7. Qa4 c6 8. Qxc4
b5 9. Qc2 Bb7 10. Rd1 Qb6 11. Be3 Nd5 12. Ng5 Bxg5 13. Bxg5 h6 14. Bd2 a5 15.
e4 Nf6 16. Be3 Ng4 17. Bf4 Nf6 18. Qd2 h5 19. Bd6 Rc8 20. Qg5 Qd8 21. e5 Ne8
22. Be7 Qd7 23. Bc5 Na6 24. Qxh5 Nxc5 25. dxc5 Qe7 26. Be4 g6 27. Bxg6 fxg6 28.
Qxg6+ Ng7 29. Nc3 Qe8 30. Qg5 Qh5 31. Qxh5 Nxh5 32. Rd6 Ng7 33. Ne4 Rc7 34.
Rad1 Bc8 35. Rd8+ Kf7 36. Nd6+ Kg6 37. Rd4 Nf5 38. Rg4+ Kh5 39. h3 Nh6 40. Rh8
Bb7 41. Ne4 Rf7 42. Rg5# 1-0